各都道府県で人口が三番目に少ない市 - Statistics

General Stats
  • This quiz has been taken 21 times
  • The average score is 36 of 47
Answer Stats
Hint Answer % Correct
鳥取県 米子市
89%
島根県 雲南市
89%
山口県 長門市
89%
愛媛県 伊予市
89%
北海道 三笠市
83%
東京都 武蔵村山市
83%
富山県 黒部市
83%
石川県 輪島市
83%
三重県 鳥羽市
83%
奈良県 宇陀市
83%
香川県 さぬき市
83%
青森県 黒石市
78%
岩手県 遠野市
78%
宮城県 岩沼市
78%
秋田県 男鹿市
78%
山形県 長井市
78%
福島県 田村市
78%
栃木県 さくら市
78%
神奈川県 逗子市
78%
新潟県 妙高市
78%
静岡県 御前崎市
78%
滋賀県 野洲市
78%
兵庫県 朝来市
78%
和歌山県 新宮市
78%
岡山県 高梁市
78%
徳島県 阿波市
78%
高知県 安芸市
78%
長崎県 西海市
78%
宮崎県 西都市
78%
鹿児島県 阿久根市
78%
沖縄県 宮古島市
78%
群馬県 みどり市
72%
福井県 小浜市
72%
京都府 綾部市
72%
広島県 安芸高田市
72%
熊本県 阿蘇市
72%
大分県 豊後高田市
72%
茨城県 行方市
67%
千葉県 匝瑳市
67%
山梨県 韮崎市
67%
岐阜県 山県市
67%
福岡県 うきは市
67%
佐賀県 鹿島市
67%
埼玉県 羽生市
61%
長野県 東御市
61%
大阪府 高石市
61%
愛知県 高浜市
50%
No matching quizzes found
Score Distribution
Percent of People with Each Score
Percentile by Number Answered
Your Score History
You have not taken this quiz